[Event "Ruhrgebiet Verbandsklasse Gruppe 3 1819"]
[Site "Nordrheinwestfalen"]
[Date "2018.10.07"]
[Round "2.1"]
[White "Kunisch, Siegfried"]
[Black "Oltmanns, Jan"]
[Result "1/2-1/2"]
[WhiteElo "2041"]
[BlackElo "1923"]
[PlyCount "79"]
[EventDate "2018.09.23"]
[EventType "team-tourn"]
[EventRounds "9"]
[EventCountry "GER"]
[SourceTitle "EXT 2022"]
[Source "ChessBase"]
[SourceDate "2021.10.06"]
[SourceVersion "1"]
[SourceVersionDate "2021.10.06"]
[SourceQuality "1"]
[WhiteTeam "Essen Listiger Bauer"]
[BlackTeam "Muelheim Nord IV"]
[WhiteTeamCountry "GER"]
[BlackTeamCountry "GER"]

1. e4 Nf6 2. e5 Nd5 3. d4 d6 4. c4 Nb6 5. f4 g6 6. Be3 Bg7 7. Nc3 Be6 8. exd6 exd6 9. d5 Bf5 10. Bd4 Qe7+ 11. Be2 0-0 12. Bxg7 Kxg7 13. Nf3 N8d7 14. 0-0 Nc5 15. Nd4 Bd3 16. Nc2 Bxe2 17. Nxe2 Rfe8 18. Ng3 f5 19. Rc1 a5 20. Kh1 Nba4 21. Nd4 Qf6 22. Qd2 Kg8 23. a3 Ne4 24. Nxe4 Rxe4 25. Ne6 Nxb2 26. c5 Nc4 27. Qd3 Ne3 28. Rf3 Nxd5 29. Qxd5 Qxe6 30. Qxb7 Re8 31. h3 Rc4 32. Rxc4 Qxc4 33. cxd6 cxd6 34. Qd7 Qe6 35. Qb5 Qe1+ 36. Kh2 Re6 37. Qd7 Re3 38. Rxe3 Qxe3 39. Qxd6 Qc3 40. Qd8+ 1/2-1/2

[Event "Ruhrgebiet Verbandsliga Gruppe 2 1617"]
[Site "Germany"]
[Date "2017.04.30"]
[Round "9.3"]
[White "Kunisch, Siegfried"]
[Black "Schiefelbusch, Dirk"]
[Result "1/2-1/2"]
[WhiteElo "1967"]
[BlackElo "2033"]
[PlyCount "60"]
[EventDate "2016.09.04"]
[EventType "team-tourn"]
[EventRounds "9"]
[EventCountry "GER"]
[SourceTitle "EXT 2022"]
[Source "ChessBase"]
[SourceDate "2021.10.06"]
[SourceVersion "1"]
[SourceVersionDate "2021.10.06"]
[SourceQuality "1"]
[WhiteTeam "Essen Listiger Bauer"]
[BlackTeam "Dortmund Hansa II"]
[WhiteTeamCountry "GER"]
[BlackTeamCountry "GER"]

1. e4 c6 2. d4 d5 3. Nd2 dxe4 4. Nxe4 Bf5 5. Ng3 Bg6 6. Nf3 Nd7 7. h4 h6 8. h5 Bh7 9. Bd3 Bxd3 10. Qxd3 Ngf6 11. Bf4 Qa5+ 12. Bd2 Qc7 13. 0-0-0 0-0-0 14. Ne2 e6 15. Bf4 Bd6 16. Qd2 Bxf4 17. Qxf4 Qa5 18. Kb1 Rhf8 19. g4 Nd5 20. Qd2 Qxd2 21. Nxd2 c5 22. Ne4 cxd4 23. Rxd4 Ne5 24. Kc1 Nxg4 25. Nd6+ Rxd6 26. Rxg4 Rg8 27. Rhg1 Nf6 28. Rxg7 Rxg7 29. Rxg7 Nxh5 30. Rxf7 Rd7 1/2-1/2

[Event "Ruhrgebiet Verbandsliga Gruppe 2 1617"]
[Site "Germany"]
[Date "2016.11.27"]
[Round "4.1"]
[White "Schlueter, Christoph"]
[Black "Kunisch, Siegfried"]
[Result "1/2-1/2"]
[WhiteElo "1993"]
[BlackElo "2003"]
[PlyCount "53"]
[EventDate "2016.09.04"]
[EventType "team-tourn"]
[EventRounds "9"]
[EventCountry "GER"]
[SourceTitle "EXT 2022"]
[Source "ChessBase"]
[SourceDate "2021.10.06"]
[SourceVersion "1"]
[SourceVersionDate "2021.10.06"]
[SourceQuality "1"]
[WhiteTeam "Kirchhellen SF"]
[BlackTeam "Essen Listiger Bauer"]
[WhiteTeamCountry "GER"]
[BlackTeamCountry "GER"]

1. c4 e5 2. Nc3 Nc6 3. g3 g6 4. Bg2 Bg7 5. Rb1 d6 6. d3 Be6 7. b4 Qd7 8. Nd5 Nd8 9. e4 c6 10. Ne3 f5 11. exf5 gxf5 12. Ne2 Ne7 13. d4 0-0 14. dxe5 dxe5 15. Qxd7 Bxd7 16. f4 Ng6 17. 0-0 exf4 18. Nxf4 Ne6 19. Nxe6 Bxe6 20. b5 Bd4 21. bxc6 bxc6 22. Kh1 Rac8 23. Bh3 Bxe3 24. Bxe3 Bxc4 25. Bxf5 Rce8 26. Bc5 Rf7 27. Bxg6 1/2-1/2

[Event "NRW Verbandsliga Group1 1314"]
[Site "Nordrheinwestfalen"]
[Date "2013.11.03"]
[Round "3"]
[White "Kunisch, Siegfried"]
[Black "Hassenrueck, Helmut"]
[Result "1-0"]
[WhiteElo "2019"]
[BlackElo "2117"]
[PlyCount "75"]
[EventDate "2013.09.08"]
[EventType "team-tourn"]
[EventRounds "9"]
[EventCountry "GER"]
[SourceTitle "EXT 2020"]
[Source "ChessBase"]
[SourceDate "2019.10.17"]
[SourceVersion "1"]
[SourceVersionDate "2019.10.17"]
[SourceQuality "1"]
[WhiteTeam "Listiger Bauer Essen"]
[BlackTeam "Gladbeck SG"]
[WhiteTeamCountry "GER"]
[BlackTeamCountry "GER"]

1. e4 e5 2. Nf3 Nc6 3. Bc4 Nf6 4. Ng5 d5 5. exd5 Na5 6. Bb5+ c6 7. dxc6 bxc6 8. Be2 h6 9. Nh3 Bd6 10. d3 0-0 11. Nc3 Rb8 12. Ng1 c5 13. Bf3 Qc7 14. Nge2 Rd8 15. 0-0 c4 16. Ng3 cxd3 17. cxd3 Ba6 18. Qc2 e4 19. dxe4 Bxf1 20. Kxf1 Be5 21. Nf5 Bxc3 22. bxc3 Nc4 23. g3 Qc5 24. Be2 Na3 25. Bxa3 Qxa3 26. e5 Nd5 27. Bc4 Qc5 28. Bb3 Nxc3 29. Nd6 Rxd6 30. exd6 Qb5+ 31. Kg2 Qc6+ 32. f3 Re8 33. Rc1 Qb6 34. Qxc3 Qxd6 35. Re1 Rd8 36. Qc4 Qf6 37. Re2 Rd4 38. Qxf7+ 1-0

[Event "Ruhrgebiet VK3 1213"]
[Site "Nordrheinwestfalen"]
[Date "2013.02.24"]
[Round "7.1"]
[White "Kunisch, Siegfried"]
[Black "Distelrath, Oliver"]
[Result "1-0"]
[WhiteElo "2051"]
[BlackElo "1857"]
[PlyCount "55"]
[EventDate "2012.09.02"]
[EventType "team-tourn"]
[EventRounds "9"]
[EventCountry "GER"]
[SourceTitle "EXT 2020"]
[Source "ChessBase"]
[SourceDate "2019.10.17"]
[SourceVersion "1"]
[SourceVersionDate "2019.10.17"]
[SourceQuality "1"]
[WhiteTeam "Listiger Bauer Essen"]
[BlackTeam "Unser Fritz"]
[WhiteTeamCountry "GER"]
[BlackTeamCountry "GER"]

1. e4 d6 2. g3 Nf6 3. Bg2 Bg4 4. f3 Bh5 5. Ne2 c6 6. Nbc3 e6 7. d4 d5 8. Nf4 Bg6 9. Be3 dxe4 10. fxe4 Bb4 11. Nxg6 hxg6 12. Qf3 Qa5 13. 0-0 Qh5 14. Qxh5 Rxh5 15. Bf3 Rh8 16. a3 Ba5 17. b4 Bc7 18. e5 Nd5 19. Nxd5 exd5 20. c4 dxc4 21. b5 Ke7 22. Rab1 Bb6 23. Kg2 Rd8 24. Bg5+ f6 25. exf6+ gxf6 26. bxc6 fxg5 27. cxb7 Nd7 28. bxa8Q 1-0

[Event "Ruhrgebiet VK1 1112"]
[Site "Nordrheinwestfalen"]
[Date "2011.11.13"]
[Round "3.1"]
[White "Kunisch, Siegfried"]
[Black "Jelica, Mara"]
[Result "1/2-1/2"]
[WhiteElo "2045"]
[BlackElo "2245"]
[PlyCount "72"]
[EventDate "2012.09.18"]
[EventType "team-tourn"]
[EventRounds "9"]
[EventCountry "GER"]
[SourceTitle "EXT 2020"]
[Source "ChessBase"]
[SourceDate "2019.10.17"]
[SourceVersion "1"]
[SourceVersionDate "2019.10.17"]
[SourceQuality "1"]
[WhiteTeam "Listiger Bauer Essen"]
[BlackTeam "Dortmund FS 98"]
[WhiteTeamCountry "GER"]
[BlackTeamCountry "GER"]

1. e4 c5 2. g3 g6 3. Bg2 Bg7 4. d3 Nc6 5. Nc3 e6 6. Be3 Nd4 7. f4 Ne7 8. Nf3 d6 9. 0-0 Rb8 10. Nh4 f5 11. Qd2 0-0 12. Nd1 b6 13. c3 Ndc6 14. exf5 exf5 15. Nf3 Ba6 16. Re1 Qd7 17. d4 Rbd8 18. d5 Nb8 19. Ng5 Rde8 20. Ne6 Rf7 21. Nf2 Bf6 22. g4 Bh4 23. g5 Bc4 24. Rad1 Bxa2 25. Qd3 Bb3 26. c4 Bxd1 27. Rxd1 Bxf2+ 28. Kxf2 Na6 29. Bc1 Nb4 30. Qb3 Nec6 31. Bd2 Rxe6 32. dxe6 Qxe6 33. Bd5 Nxd5 34. cxd5 Qe4 35. dxc6 Qxc6 36. Re1 d5 1/2-1/2

[Event "Ruhrgebiet VK3 0910"]
[Site "Ruhrgebiet"]
[Date "2010.01.10"]
[Round "5.1"]
[White "Kunisch, Siegfried"]
[Black "Dahlhaus, Friedhelm"]
[Result "1/2-1/2"]
[WhiteElo "2109"]
[BlackElo "2121"]
[PlyCount "25"]
[EventDate "2009.09.06"]
[EventType "team"]
[EventRounds "9"]
[EventCountry "GER"]
[SourceTitle "EXT 2011"]
[Source "ChessBase"]
[SourceDate "2010.11.26"]
[SourceVersion "1"]
[SourceVersionDate "2010.11.26"]
[SourceQuality "1"]
[WhiteTeam "Listiger Bauer"]
[BlackTeam "Wacker Bergeborbeck"]
[WhiteTeamCountry "GER"]
[BlackTeamCountry "GER"]

1. e4 e5 2. Nf3 Nc6 3. Bc4 Bc5 4. c3 Nf6 5. d4 exd4 6. cxd4 Bb4+ 7. Bd2 Bxd2+ 8. Nbxd2 d5 9. exd5 Nxd5 10. Qb3 Nce7 11. 0-0 0-0 12. Rfe1 c6 13. Ne5 1/2-1/2

[Event "Ruhrgebiet VK3 0910"]
[Site "Ruhrgebiet"]
[Date "2009.09.06"]
[Round "1.1"]
[White "Kunisch, Siegfried"]
[Black "Dereli, Ismail"]
[Result "1/2-1/2"]
[WhiteElo "2109"]
[BlackElo "1873"]
[PlyCount "107"]
[EventDate "2009.09.06"]
[EventType "team"]
[EventRounds "9"]
[EventCountry "GER"]
[SourceTitle "EXT 2011"]
[Source "ChessBase"]
[SourceDate "2010.11.26"]
[SourceVersion "1"]
[SourceVersionDate "2010.11.26"]
[SourceQuality "1"]
[WhiteTeam "Listiger Bauer"]
[BlackTeam "Gelsenkirchen"]
[WhiteTeamCountry "GER"]
[BlackTeamCountry "GER"]

1. e4 e6 2. d4 d5 3. e5 c5 4. c3 Nc6 5. Nf3 Qb6 6. Be2 cxd4 7. cxd4 Nh6 8. Nc3 Nf5 9. Na4 Bb4+ 10. Kf1 Qd8 11. g3 f6 12. a3 Bf8 13. g4 Nfe7 14. exf6 gxf6 15. g5 Ng6 16. h4 Bd6 17. h5 Nf4 18. Rg1 Nh3 19. Rg2 fxg5 20. Nxg5 Nf4 21. Rg1 Qf6 22. Be3 Rg8 23. Nf3 Rxg1+ 24. Nxg1 Bd7 25. Rc1 Ke7 26. Nc5 Qg7 27. Nf3 Rf8 28. Nxb7 Qg2+ 29. Ke1 Nxe2 30. Bg5+ Rf6 31. Qxe2 Bf4 32. Bxf6+ Kxf6 33. Rc3 Qh1+ 34. Qf1 Qxh5 35. Nc5 Be8 36. Nd3 Qxf3 37. Nxf4 Qxf4 38. Qh3 Nxd4 39. Qxh7 Qe4+ 40. Qxe4 dxe4 41. Kd2 Ke5 42. Rc8 Bb5 43. Kc3 Nc6 44. b3 Kd5 45. a4 Ba6 46. Rh8 Be2 47. b4 a6 48. Rg8 Ne5 49. Rd8+ Kc6 50. Kd4 Nf7 51. Rf8 Nd6 52. Ke5 Bc4 53. b5+ axb5 54. axb5+ 1/2-1/2

[Event "Ruhrgebiet VK1 0405"]
[Site "Ruhrgebiet"]
[Date "2004.10.10"]
[Round "2.1"]
[White "Kunisch, Siegfried"]
[Black "Horn, Stefan"]
[Result "1-0"]
[WhiteElo "2074"]
[BlackElo "2020"]
[PlyCount "47"]
[EventDate "2004.09.12"]
[EventType "team"]
[EventRounds "9"]
[EventCountry "GER"]
[SourceTitle "EXT 2006"]
[Source "ChessBase"]
[SourceDate "2005.11.24"]
[SourceVersion "1"]
[SourceVersionDate "2005.11.24"]
[SourceQuality "1"]
[WhiteTeam "Essen West II"]
[BlackTeam "Oberhausen II"]
[WhiteTeamCountry "GER"]
[BlackTeamCountry "GER"]

1. e4 e5 2. Nf3 Nc6 3. Bc4 Be7 4. d4 exd4 5. Nxd4 Ne5 6. Bb3 d6 7. f4 Bg4 8. Qd2 Nc6 9. 0-0 Nxd4 10. Qxd4 Nf6 11. Nc3 c6 12. f5 Qa5 13. Qc4 0-0 14. h3 d5 15. exd5 cxd5 16. Qd3 Bc5+ 17. Kh1 d4 18. Ne4 Nxe4 19. Qxe4 Bd1 20. Rxd1 Rfe8 21. Bd2 Qb6 22. Qf3 Qf6 23. Re1 Qh4 24. Qd5 1-0

[Event "Ruhrgebiet VK1 0405"]
[Site "Ruhrgebiet"]
[Date "2004.09.12"]
[Round "1.1"]
[White "Beckmann, Klaus2222"]
[Black "Kunisch, Siegfried"]
[Result "1-0"]
[WhiteElo "2138"]
[BlackElo "2074"]
[PlyCount "51"]
[EventDate "2004.09.12"]
[EventType "team"]
[EventRounds "9"]
[EventCountry "GER"]
[SourceTitle "EXT 2006"]
[Source "ChessBase"]
[SourceDate "2005.11.24"]
[SourceVersion "1"]
[SourceVersionDate "2005.11.24"]
[SourceQuality "1"]
[WhiteTeam "Recklinghausen Sued"]
[BlackTeam "Essen West II"]
[WhiteTeamCountry "GER"]
[BlackTeamCountry "GER"]

1. Nf3 c5 2. b3 Nf6 3. Bb2 b6 4. c4 Bb7 5. Bxf6 gxf6 6. e3 Bg7 7. Nc3 f5 8. Rc1 e5 9. g3 Nc6 10. Bh3 Ne7 11. 0-0 d5 12. cxd5 Nxd5 13. Nh4 Nxc3 14. dxc3 f4 15. exf4 Qxd1 16. Rfxd1 exf4 17. Rd7 Rb8 18. Re1+ Kf8 19. Nf5 fxg3 20. hxg3 Bc6 21. Rc7 Bd5 22. c4 Be6 23. Rxe6 fxe6 24. Nxg7 h6 25. Nxe6+ Kg8 26. Rg7# 1-0

[Event "Listiger Bauer-ch op"]
[Site "Essen"]
[Date "2004.05.07"]
[Round "1"]
[White "Jurev, Sergej"]
[Black "Kunisch, Siegfried"]
[Result "1/2-1/2"]
[WhiteElo "1559"]
[BlackElo "2095"]
[PlyCount "92"]
[EventDate "2004.05.07"]
[EventType "swiss"]
[EventRounds "5"]
[EventCountry "GER"]
[SourceTitle "EXT 2006"]
[Source "ChessBase"]
[SourceDate "2005.11.24"]
[SourceVersion "1"]
[SourceVersionDate "2005.11.24"]
[SourceQuality "1"]

1. d4 Nf6 2. c4 c5 3. Nf3 g6 4. g3 Bg7 5. Bg2 cxd4 6. Nxd4 Nc6 7. 0-0 0-0 8. Nc3 Nxd4 9. Qxd4 d6 10. e4 Be6 11. Qd3 Nd7 12. b3 Rc8 13. Bb2 a6 14. Rac1 Qa5 15. f4 b5 16. cxb5 axb5 17. f5 Nc5 18. Qe3 Bxb3 19. f6 exf6 20. axb3 Nxb3 21. Rcd1 f5 22. Nd5 Bxb2 23. Ne7+ Kg7 24. Nxc8 Qb4 25. Ne7 Bd4 26. Rxd4 Qxd4 27. Qxd4+ Nxd4 28. exf5 Nxf5 29. Nxf5+ gxf5 30. Rxf5 Rb8 31. Rd5 Rb6 32. Rd3 b4 33. Bd5 f5 34. Kf2 Kf6 35. Re3 Rb5 36. Bb3 Re5 37. Rd3 Rc5 38. Rxd6+ Ke5 39. Rd3 Rc1 40. h4 h6 41. Ke3 Re1+ 42. Kf2 Rc1 43. Ke2 f4 44. gxf4+ Kxf4 45. Rf3+ Ke4 46. Rd3 Rc3 1/2-1/2

[Event "Ruhrgebiet VK1 0304"]
[Site "Ruhrgebiet"]
[Date "2004.04.25"]
[Round "9.1"]
[White "Kunisch, Siegfried"]
[Black "Lenz, Guntram"]
[Result "1/2-1/2"]
[WhiteElo "2087"]
[BlackElo "1878"]
[PlyCount "65"]
[EventDate "2003.09.28"]
[EventType "team"]
[EventRounds "9"]
[EventCountry "GER"]
[SourceTitle "EXT 2007"]
[Source "ChessBase"]
[SourceDate "2006.11.23"]
[SourceVersion "1"]
[SourceVersionDate "2006.11.23"]
[SourceQuality "1"]
[WhiteTeam "Essen Listiger Bauer"]
[BlackTeam "Boenen SV"]
[WhiteTeamCountry "GER"]
[BlackTeamCountry "GER"]

1. e4 e6 2. d4 d5 3. e5 c5 4. c3 Nc6 5. Nf3 Qb6 6. Be2 cxd4 7. cxd4 Nge7 8. Na3 Nf5 9. Nc2 Nb4 10. Ne3 Nxe3 11. Bxe3 Bd7 12. 0-0 Bb5 13. Nd2 Bxe2 14. Qxe2 Nc2 15. Rac1 Nxe3 16. fxe3 Be7 17. Nb3 0-0 18. Nc5 Bxc5 19. Rxc5 Rac8 20. Rfc1 Rxc5 21. Rxc5 f6 22. exf6 Rxf6 23. Qc2 Rf8 24. Rc8 Rxc8 25. Qxc8+ Kf7 26. Qd7+ Kf6 27. h4 Qxb2 28. Qd8+ Kf7 29. Qc7+ Kf6 30. Qf4+ Ke7 31. Qg5+ Kf7 32. Qf4+ Ke7 33. Qc7+ 1/2-1/2

[Event "Ruhrgebiet VK1 0304"]
[Site "Ruhrgebiet"]
[Date "2004.02.29"]
[Round "7.1"]
[White "Kunisch, Siegfried"]
[Black "Belic, Jordanka"]
[Result "0-1"]
[WhiteElo "2087"]
[BlackElo "2291"]
[PlyCount "110"]
[EventDate "2003.09.28"]
[EventType "team"]
[EventRounds "9"]
[EventCountry "GER"]
[SourceTitle "EXT 2007"]
[Source "ChessBase"]
[SourceDate "2006.11.23"]
[SourceVersion "1"]
[SourceVersionDate "2006.11.23"]
[SourceQuality "1"]
[WhiteTeam "Essen Listiger Bauer"]
[BlackTeam "Dortmund Kleiner Koenig"]
[WhiteTeamCountry "GER"]
[BlackTeamCountry "GER"]

1. e4 c5 2. g3 g6 3. Bg2 Bg7 4. f4 Nc6 5. d3 d6 6. Nf3 e6 7. 0-0 Nge7 8. Nc3 0-0 9. Be3 Nd4 10. e5 Nef5 11. Bf2 Nxf3+ 12. Bxf3 dxe5 13. fxe5 Bxe5 14. Bxc5 Re8 15. Ne4 Bd7 16. c3 Bc6 17. Qe2 Qc7 18. Qf2 b6 19. Ba3 Rad8 20. Rad1 Nd4 21. Nf6+ Bxf6 22. Bxc6 Nxc6 23. Qxf6 Ne5 24. Qf4 Rd7 25. Rfe1 Nc6 26. Qxc7 Rxc7 27. b3 Rd8 28. Re3 e5 29. Bb2 Rcd7 30. Kf2 f6 31. Rf3 f5 32. Re3 e4 33. d4 Ne5 34. Kg2 Nd3 35. Ba1 Rc8 36. Rf1 Re7 37. a4 Rf8 38. c4 g5 39. Kg1 f4 40. Re2 e3 41. gxf4 gxf4 42. Rf3 Nc1 43. Rg2+ Rg7 44. Rxg7+ Kxg7 45. d5+ Kg6 46. Be5 Nd3 47. Bxf4 e2 48. Rg3+ Kh5 49. Bd2 Rf1+ 50. Kg2 Nf4+ 51. Bxf4 e1Q 52. Rg5+ Kh4 53. Bg3+ Kxg5 54. Bxe1 Rxe1 55. Kf3 Kf5 0-1

[Event "Ruhrgebiet VK1 0304"]
[Site "Ruhrgebiet"]
[Date "2004.01.11"]
[Round "5.1"]
[White "Curic, Drazen"]
[Black "Kunisch, Siegfried"]
[Result "1-0"]
[WhiteElo "2189"]
[BlackElo "2087"]
[PlyCount "52"]
[EventDate "2003.09.28"]
[EventType "team"]
[EventRounds "9"]
[EventCountry "GER"]
[SourceTitle "EXT 2007"]
[Source "ChessBase"]
[SourceDate "2006.11.23"]
[SourceVersion "1"]
[SourceVersionDate "2006.11.23"]
[SourceQuality "1"]
[WhiteTeam "Altenessen"]
[BlackTeam "Essen Listiger Bauer"]
[WhiteTeamCountry "GER"]
[BlackTeamCountry "GER"]

1. g3 g6 2. Bg2 Bg7 3. c4 e5 4. Nc3 d6 5. e4 Ne7 6. Nge2 0-0 7. 0-0 f5 8. d3 Nd7 9. f4 Nc5 10. Be3 Nc6 11. Rb1 Nd4 12. Bxd4 exd4 13. Nb5 fxe4 14. dxe4 Re8 15. Nexd4 c6 16. Nc3 Bg4 17. Qxg4 Bxd4+ 18. Kh1 Qf6 19. f5 Re7 20. Ne2 Be3 21. Rbd1 Qxb2 22. fxg6 Kh8 23. Rxd6 Rae8 24. Rdf6 Rg7 25. Rf8+ Rg8 26. Rxe8 Rxe8 1-0